Filosofía Política / (Record no. 23169)

000 -CABECERA
fixed length control field 00910nam a22002417i 4500
003 - IDENTIFICADOR DEL NÚMERO DE CONTROL
control field AR-CdUCM
008 - DATOS DE LONGITUD FIJA--INFORMACIÓN GENERAL
fixed length control field 250120b20192019 pe||||| |||| 00| 0 spa d
040 ## - FUENTE DE LA CATALOGACIÓN
Agencia/entidad que catalogó originalmente la obra MUNICIPALIDAD PROVINCIAL DEL CUSCO
Entidad que transcribió la catalogación BIBLIOTECA MUNICIPAL DEL CUSCO
082 ## - NÚMERO DE LA CLASIFICACIÓN DECIMAL DEWEY
No. de Clasificación 129.85 / R63F
Notacion interna R63F
100 ## - ENTRADA PRINCIPAL--NOMBRE DE PERSONA
Nombre Personal Ríos Zamalloa, Jorge
245 ## - MENCIÓN DE TÍTULO
Título Filosofía Política /
260 ## - PUBLICACIÓN, DISTRIBUCIÓN, ETC.
Lugar de publicación, distribución, etc. Cusco :
Fecha de publicación, distribución, etc. 2019
300 ## - DESCRIPCIÓN FÍSICA
Nº de Páginas Extensión 212 páginas. :
Dimensiones 20x15 cm.
505 ## - NOTA DE CONTENIDO CON FORMATO
Nota de contenido formateada El cristianismo y la civilización -- el capitalismo -- Pueblo y liderazgo -- La violencia y la historia política -- Construcción del poder popular -- La historia no se detiene -- La falsa democracia -- El poder paralelo
650 ## - PUNTO DE ACCESO ADICIONAL DE MATERIA--TÉRMINO DE MATERIA
Descriptor Civilización
9 (RLIN) 1048
650 ## - PUNTO DE ACCESO ADICIONAL DE MATERIA--TÉRMINO DE MATERIA
Descriptor Cristianismo
9 (RLIN) 50930
650 ## - PUNTO DE ACCESO ADICIONAL DE MATERIA--TÉRMINO DE MATERIA
Descriptor Política
9 (RLIN) 291
650 ## - PUNTO DE ACCESO ADICIONAL DE MATERIA--TÉRMINO DE MATERIA
Descriptor Poder paralelo
9 (RLIN) 50931
650 ## - PUNTO DE ACCESO ADICIONAL DE MATERIA--TÉRMINO DE MATERIA
Descriptor Derecho individual
9 (RLIN) 50932
942 ## - ELEMENTOS DE PUNTO DE ACCESO ADICIONAL (KOHA)
Fuente de clasificación
Tipo de item Libros-BMC
945 ## - PROCESAMIENTO DE INFORMACIÓN LOCAL (OCLC)
Catalogador pbjr
AAAA-MM-DD - Fecha de ingreso o modificacion 20-01-2025
Holdings
Estado de retiro (separado) Fuente de clasificación o esquema de estanterías Estado dañado Ubicación Sala donde se ubica Nombre de la colección Fecha de adquisición o compra Fuente de adquisición Costo, precio normal en soles Signatura topográfica Código de Barras Última vez visto (Koha) Tipo de ítem (Koha)
No     Sala Humanidades Sala Humanidades Book Cart 2025-01-20 Donación 15.00 129.85 / R63F SH0000016877 2025-01-20 Libros-BMC

Powered by Koha